Endliche Gruppen
Salvato in:
| Autore principale: | |
|---|---|
| Natura: | Libro |
| Lingua: | tedesco |
| Pubblicazione: |
Berlín
Springer-Verlag
1967
|
| Serie: | Grundlenheren der Mathematischen Wissenschaften, 134
|
| Soggetti: | |
| Tags: |
Aggiungi Tag
Nessun Tag, puoi essere il primo ad aggiungerne!!
|
MARC
| LEADER | 00000nam a2200000 a 4500 | ||
|---|---|---|---|
| 001 | UCQ8833 | ||
| 003 | CL-VaPUC | ||
| 008 | 981217e19670000GW |||||||||||||||||ger|d | ||
| 082 | 0 | 4 | |a 512.2 |b HUP |2 21 |
| 100 | |a Huppert, B |e author |9 423591 | ||
| 245 | 1 | 0 | |a Endliche Gruppen |
| 300 | |a 796 p | ||
| 942 | |c BK | ||
| 945 | |d 19981217 00:00:00 |a crobeson | ||
| 260 | |a Berlín |b Springer-Verlag |c 1967 | ||
| 650 | 0 | |a Teoría de grupos |9 270028 | |
| 650 | 7 | |a GRUPOS |2 CL-VaPUC |9 336429 | |
| 650 | 0 | |a Grupos finitos |9 270201 | |
| 583 | |a last modification |c 19981217 00:00:00 |k Rodrigo Vera | ||
| 490 | 0 | |a Grundlenheren der Mathematischen Wissenschaften, 134 | |
| 999 | |c 278007 |d 278005 | ||
| 952 | |0 0 |1 0 |4 0 |6 512_200000000000000_HUP_1967 |7 0 |8 A |9 316324 |a BIBMAT |b BIBMAT |d 2019-11-20 |i 1304941 |o 512.2 HUP 1967 |p 1304941 |r 2025-01-07 |w 2019-11-20 |y BK |k MAT | ||